Statistics for George Ezra - In The Morning Lyrics

Click here to take the quiz!

General Stats

  • This quiz has been taken 15 times
  • The average score is 256 of 347

Answer Stats

Lyrics% Correct
a
100%
with
100%
you
100%
and
86%
be
86%
can't
86%
don't
86%
I
86%
in
86%
(In
86%
it
86%
it's
86%
morning)
86%
morning
86%
my
86%
of
86%
on
86%
on,
86%
on?
86%
the
86%
to
86%
what
86%
your
86%
all
71%
away
71%
babe?
71%
boy
71%
close
71%
day''
71%
day
71%
going
71%
hand
71%
happy
71%
Heard
71%
heard
71%
I'll
71%
I've
71%
just
71%
moved
71%
night
71%
now
71%
Ooh
71%
ooh
71%
Rotterdam
71%
sometimes
71%
too
71%
watch
71%
What's
71%
will
71%
after
57%
been
57%
blue
57%
bottom
57%
change,
57%
changing
57%
come
57%
dark,
57%
days
57%
deep,
57%
doing
57%
eyes
57%
fine
57%
flooded
57%
forget
57%
found
57%
head
57%
heartache
57%
''Hey,
57%
hey,
57%
Hey,
57%
hey
57%
honey
57%
hoping
57%
london
57%
man
57%
meet
57%
moving
57%
new
57%
people
57%
rain
57%
right
57%
see
57%
seem
57%
shine
57%
sink
57%
stars
57%
streets
57%
swim
57%
this
57%
thought
57%
times
57%
wash
57%
well
57%
Who'd
57%
yourself
57%
hang
43%
over
43%
paintbrush
43%
precipice
43%
say,
43%
shake
43%

Score Distribution

Percentile by Number Answered

Percent of People with Each Score

Your Score History

You have not taken this quiz